00322nam a2200121Ia 4500008004100000041000800041082001600049100001600065245004600081260003700127300001900164999001700183241015s9999 xx 000 0 und d aeng a658.421 HOD aHugo Hodges aCorporate Innovation: Global Perspectives bStates Academic PressaUSAc2021 a241;. P. 27 cm c41767d41767